Things On Flags - Statistics

General Stats
  • This quiz has been taken 57 times
    32 since last reset
  • The average score is 9 of 20
Answer Stats
Flags with... Country % Correct
Weapons Angola / Barbados / Eswatini / Guatemala / Haiti / Kenya / Mozambique / Oman / Saudi Arabia / Sri Lanka
91%
Two-Headed Birds Albania / Serbia / Montenegro
87%
Country Shapes/Maps Cyprus / Kosovo
74%
Dragons Bhutan / Malta
70%
Angkor Wat Cambodia
70%
Yin-Yang Symbols Mongolia / South Korea
65%
Keys Vatican
65%
Southern Cross Australia / Brazil / New Zealand / Papua New Guinea / Samoa
61%
Llama / Vicuna Peru
52%
People Belize
48%
Bird of Paradise Papua New Guinea
43%
Snakes Mexico
39%
Lions Sri Lanka / Montenegro / Spain / Fiji / Croatia
26%
Alpacas Bolivia
22%
Books Mozambique
22%
Cows Andorra / Moldova
13%
Goats Andorra / Croatia
9%
Ships Belize / Costa Rica / Ecuador
4%
Hands Brunei
4%
Horses Malta
4%
No matching quizzes found
Score Distribution
Percent of People with Each Score
Percentile by Number Answered
Your Score History
You have not taken this quiz since the last reset